005530000a22001450004500003001100000008004100011040003900052041000800091082001500099245007100114260005400185300000900239650012800248700003100376LK-CoMWRAF230817t ||||| |||| 00| 0 eng d aLK-CoMWRAFdLK-CoMWRAFeLK-CoMWRAF aeng a152.6bIMP aThe Impact of Islam on the Development of Science and Technologyb bArafat Publishing HouseaSri Lanka (Colombo 07)c ap.13 aThe International seminar held in connection with the International Exhibition of Islamic Civilization in Kuala Lumpur 1984 aGhouse,, M.B. Mohamedeed.